000 00450nam a2200157Ia 4500
008 210716s1991 xx 000 0 und d
020 _a815461678
041 _aeng
082 _a519.2 HOEP
100 _aHoel, Paul G; Port, Sidney C; Stone, Charles
245 _aIntroduction to probability theory.
250 _a1
260 _aNew Delhi
_bUniversal Book Stall
_c1991
300 _axi,258
650 _aProbabilities and applied mathematics(519)
999 _c182838
_d182838